Statistics for The G.O.A.T.s of Soccer

Click here to take the quiz!

General Stats

  • This quiz has been taken 457 times
  • The average score is 6 of 9

Answer Stats

Answer% Correct
Lionel Messi
99%
Cristiano Ronaldo
98%
Pele
95%
Diego Maradona
87%
Johan Cruyff
63%
Zinedine Zidane
58%
Michel Platini
22%
Eusebio
20%
Marco van Basten
18%

Score Distribution

Percentile by Number Answered

Percent of People with Each Score

Your Score History

You have not taken this quiz